<?xml version="1.0" encoding="UTF-8"?>
<record
    xmlns:xsi="http://www.w3.org/2001/XMLSchema-instance"
    xsi:schemaLocation="http://www.loc.gov/MARC21/slim http://www.loc.gov/standards/marcxml/schema/MARC21slim.xsd"
    xmlns="http://www.loc.gov/MARC21/slim">

  <leader>01478nam a2200361 a 4500</leader>
  <controlfield tag="003">CO-ViMGA</controlfield>
  <controlfield tag="005">20230915233134.0</controlfield>
  <controlfield tag="008">141226s2015    sp a   jr     0011j spa d</controlfield>
  <datafield tag="020" ind1=" " ind2=" ">
    <subfield code="a">9789585816664 (obra completa)</subfield>
  </datafield>
  <datafield tag="020" ind1=" " ind2=" ">
    <subfield code="a">9789585816671 (volumen 4)</subfield>
  </datafield>
  <datafield tag="020" ind1=" " ind2=" ">
    <subfield code="a">9789585816688 (volumen 2)</subfield>
  </datafield>
  <datafield tag="020" ind1=" " ind2=" ">
    <subfield code="a">9789585816695 (volumen 5)</subfield>
  </datafield>
  <datafield tag="020" ind1=" " ind2=" ">
    <subfield code="a">9789585862807 (volumen 1)</subfield>
  </datafield>
  <datafield tag="020" ind1=" " ind2=" ">
    <subfield code="a">9789585862814 (volumen 3)</subfield>
  </datafield>
  <datafield tag="040" ind1=" " ind2=" ">
    <subfield code="a">CO-ViMGA</subfield>
    <subfield code="b">spa</subfield>
    <subfield code="c">CO-ViMGA</subfield>
  </datafield>
  <datafield tag="082" ind1="0" ind2="4">
    <subfield code="a">808.4 </subfield>
    <subfield code="b">I55i2</subfield>
  </datafield>
  <datafield tag="245" ind1="1" ind2="0">
    <subfield code="a">Inmigrantes IV</subfield>
  </datafield>
  <datafield tag="250" ind1=" " ind2=" ">
    <subfield code="a">Edicion especial para El Ministerio de Cultura, Biblioteca Nacional de Colombia</subfield>
  </datafield>
  <datafield tag="260" ind1=" " ind2=" ">
    <subfield code="a">Bogota</subfield>
    <subfield code="b">El Peregrino Ediciones</subfield>
    <subfield code="c">2014</subfield>
  </datafield>
  <datafield tag="300" ind1=" " ind2=" ">
    <subfield code="a">5 volumenes </subfield>
    <subfield code="c">23 cm</subfield>
  </datafield>
  <datafield tag="505" ind1=" " ind2=" ">
    <subfield code="a">Esa famosa torre / Ricardo Abdahllah -- Siberia en tus ojos / Ikaro Valderrama - Caracaos / Marc Caellas -- Una victoria entre jacarandas / Santiago Torrado --  Getsemani / Rainbow Nelson</subfield>
  </datafield>
  <datafield tag="650" ind1="1" ind2="4">
    <subfield code="2">LEMB</subfield>
    <subfield code="a">Viajes</subfield>
    <subfield code="v">Colecciones</subfield>
    <subfield code="x">Ensayos</subfield>
    <subfield code="9">24093</subfield>
  </datafield>
  <datafield tag="651" ind1=" " ind2="4">
    <subfield code="a">Caracas (Venezuela)</subfield>
    <subfield code="x">Descripcion</subfield>
    <subfield code="v">Colecciones </subfield>
    <subfield code="9">24689</subfield>
  </datafield>
  <datafield tag="651" ind1=" " ind2="4">
    <subfield code="a">Mexico</subfield>
    <subfield code="x">Descripcion</subfield>
    <subfield code="v">Colecciones</subfield>
    <subfield code="9">24690</subfield>
  </datafield>
  <datafield tag="651" ind1=" " ind2="4">
    <subfield code="a">Paris (Francia)</subfield>
    <subfield code="x">Descripcion</subfield>
    <subfield code="v">Colecciones </subfield>
    <subfield code="9">24688</subfield>
  </datafield>
  <datafield tag="651" ind1=" " ind2="4">
    <subfield code="a">Siberia (Rusia)</subfield>
    <subfield code="x">Descripcion</subfield>
    <subfield code="v">Colecciones</subfield>
    <subfield code="9">24691</subfield>
  </datafield>
  <datafield tag="700" ind1="1" ind2="0">
    <subfield code="a">Abdahllah Camacho, Ricardo Enrique</subfield>
    <subfield code="d">1981-</subfield>
    <subfield code="9">24692</subfield>
  </datafield>
  <datafield tag="700" ind1="1" ind2="0">
    <subfield code="a">Caellas, Marc</subfield>
    <subfield code="d">1974-</subfield>
    <subfield code="9">24693</subfield>
  </datafield>
  <datafield tag="700" ind1="1" ind2="0">
    <subfield code="a">Nelson, Rainbow</subfield>
    <subfield code="9">24694</subfield>
  </datafield>
  <datafield tag="700" ind1="1" ind2="0">
    <subfield code="a">Torrado, Santiago</subfield>
    <subfield code="d">1979-</subfield>
    <subfield code="9">24695</subfield>
  </datafield>
  <datafield tag="700" ind1="1" ind2="0">
    <subfield code="a">Valderrama, Ikaro</subfield>
    <subfield code="9">24696</subfield>
  </datafield>
  <datafield tag="942" ind1=" " ind2=" ">
    <subfield code="2">ddc</subfield>
    <subfield code="c">BK</subfield>
  </datafield>
  <datafield tag="999" ind1=" " ind2=" ">
    <subfield code="c">4063</subfield>
    <subfield code="d">4063</subfield>
  </datafield>
  <datafield tag="952" ind1=" " ind2=" ">
    <subfield code="0">0</subfield>
    <subfield code="1">0</subfield>
    <subfield code="2">ddc</subfield>
    <subfield code="4">0</subfield>
    <subfield code="7">0</subfield>
    <subfield code="8">GEN</subfield>
    <subfield code="a">MEDORADO</subfield>
    <subfield code="b">MEDORADO</subfield>
    <subfield code="c">GEN</subfield>
    <subfield code="d">2023-01-16</subfield>
    <subfield code="l">0</subfield>
    <subfield code="o"> 808.4 808.4 I55I12</subfield>
    <subfield code="p">DOR00908</subfield>
    <subfield code="r">2023-01-16 00:00:00</subfield>
    <subfield code="t">Ej.1</subfield>
    <subfield code="w">2023-01-16</subfield>
    <subfield code="y">BK</subfield>
  </datafield>
  <datafield tag="952" ind1=" " ind2=" ">
    <subfield code="0">0</subfield>
    <subfield code="1">0</subfield>
    <subfield code="2">ddc</subfield>
    <subfield code="4">0</subfield>
    <subfield code="7">0</subfield>
    <subfield code="8">GEN</subfield>
    <subfield code="a">MEPRICO</subfield>
    <subfield code="b">MEPRICO</subfield>
    <subfield code="c">GEN</subfield>
    <subfield code="d">2023-02-15</subfield>
    <subfield code="o">808.4I55I2</subfield>
    <subfield code="p">PR00000739</subfield>
    <subfield code="r">2023-02-15 00:00:00</subfield>
    <subfield code="t">Ej.4</subfield>
    <subfield code="w">2023-02-15</subfield>
    <subfield code="y">BK</subfield>
  </datafield>
  <datafield tag="952" ind1=" " ind2=" ">
    <subfield code="0">0</subfield>
    <subfield code="1">0</subfield>
    <subfield code="2">ddc</subfield>
    <subfield code="4">0</subfield>
    <subfield code="7">0</subfield>
    <subfield code="a">MEGUAMAL</subfield>
    <subfield code="b">MEGUAMAL</subfield>
    <subfield code="d">2023-04-10</subfield>
    <subfield code="l">0</subfield>
    <subfield code="o">808.4 I55i2</subfield>
    <subfield code="p">GUA003016</subfield>
    <subfield code="r">2023-04-10 00:00:00</subfield>
    <subfield code="t">Ej.1</subfield>
    <subfield code="w">2023-04-10</subfield>
    <subfield code="y">BK</subfield>
  </datafield>
  <datafield tag="952" ind1=" " ind2=" ">
    <subfield code="0">0</subfield>
    <subfield code="1">0</subfield>
    <subfield code="2">ddc</subfield>
    <subfield code="4">0</subfield>
    <subfield code="7">0</subfield>
    <subfield code="8">GEN</subfield>
    <subfield code="a">MEFTEORO</subfield>
    <subfield code="b">MEFTEORO</subfield>
    <subfield code="c">GEN</subfield>
    <subfield code="d">2023-05-30</subfield>
    <subfield code="l">0</subfield>
    <subfield code="o">808.4  I55i2</subfield>
    <subfield code="p">Fo0000976</subfield>
    <subfield code="r">2023-05-30 00:00:00</subfield>
    <subfield code="t">Ej.1</subfield>
    <subfield code="w">2023-05-30</subfield>
    <subfield code="y">BK</subfield>
  </datafield>
  <datafield tag="952" ind1=" " ind2=" ">
    <subfield code="0">0</subfield>
    <subfield code="1">0</subfield>
    <subfield code="2">ddc</subfield>
    <subfield code="4">0</subfield>
    <subfield code="7">0</subfield>
    <subfield code="8">GEN</subfield>
    <subfield code="a">MEPLLERAS</subfield>
    <subfield code="b">MEPLLERAS</subfield>
    <subfield code="c">GEN</subfield>
    <subfield code="d">2023-06-20</subfield>
    <subfield code="l">0</subfield>
    <subfield code="o">808.4 I5512</subfield>
    <subfield code="p">PLL00721</subfield>
    <subfield code="r">2023-06-20 00:00:00</subfield>
    <subfield code="t">Ej.1</subfield>
    <subfield code="w">2023-06-20</subfield>
    <subfield code="y">BKLIT</subfield>
  </datafield>
  <datafield tag="952" ind1=" " ind2=" ">
    <subfield code="0">0</subfield>
    <subfield code="1">0</subfield>
    <subfield code="2">ddc</subfield>
    <subfield code="4">0</subfield>
    <subfield code="7">0</subfield>
    <subfield code="8">GEN</subfield>
    <subfield code="a">MECASTIL</subfield>
    <subfield code="b">MECASTIL</subfield>
    <subfield code="c">GEN</subfield>
    <subfield code="d">2023-07-07</subfield>
    <subfield code="l">0</subfield>
    <subfield code="o">808.4 I55l2</subfield>
    <subfield code="p">EC00985</subfield>
    <subfield code="r">2023-07-07 00:00:00</subfield>
    <subfield code="t">Ej.1</subfield>
    <subfield code="w">2023-07-07</subfield>
    <subfield code="y">BK</subfield>
  </datafield>
  <datafield tag="952" ind1=" " ind2=" ">
    <subfield code="0">0</subfield>
    <subfield code="1">0</subfield>
    <subfield code="2">ddc</subfield>
    <subfield code="4">0</subfield>
    <subfield code="7">0</subfield>
    <subfield code="8">GEN</subfield>
    <subfield code="a">MECUBARR</subfield>
    <subfield code="b">MECUBARR</subfield>
    <subfield code="c">GEN</subfield>
    <subfield code="d">2023-08-11</subfield>
    <subfield code="l">0</subfield>
    <subfield code="o">808.4 I55I2	</subfield>
    <subfield code="p">CUB02850</subfield>
    <subfield code="r">2023-08-11 17:12:58</subfield>
    <subfield code="t">Ej.1</subfield>
    <subfield code="w">2023-08-11</subfield>
    <subfield code="y">BK</subfield>
  </datafield>
  <datafield tag="952" ind1=" " ind2=" ">
    <subfield code="0">0</subfield>
    <subfield code="1">0</subfield>
    <subfield code="2">ddc</subfield>
    <subfield code="4">0</subfield>
    <subfield code="7">0</subfield>
    <subfield code="8">GEN</subfield>
    <subfield code="a">MECUBARR</subfield>
    <subfield code="b">MECUBARR</subfield>
    <subfield code="c">GEN</subfield>
    <subfield code="d">2023-08-11</subfield>
    <subfield code="l">0</subfield>
    <subfield code="o">808.4 I55I2	</subfield>
    <subfield code="p">CUB02852</subfield>
    <subfield code="r">2023-08-11 17:14:07</subfield>
    <subfield code="t">Ej.1</subfield>
    <subfield code="w">2023-08-11</subfield>
    <subfield code="y">BK</subfield>
  </datafield>
  <datafield tag="952" ind1=" " ind2=" ">
    <subfield code="0">0</subfield>
    <subfield code="1">0</subfield>
    <subfield code="2">ddc</subfield>
    <subfield code="4">0</subfield>
    <subfield code="7">0</subfield>
    <subfield code="8">GEN</subfield>
    <subfield code="a">MECUBARR</subfield>
    <subfield code="b">MECUBARR</subfield>
    <subfield code="c">GEN</subfield>
    <subfield code="d">2023-08-11</subfield>
    <subfield code="l">0</subfield>
    <subfield code="o">808.4 I55I2	</subfield>
    <subfield code="p">CUB02856</subfield>
    <subfield code="r">2023-08-11 17:16:45</subfield>
    <subfield code="t">Ej.1</subfield>
    <subfield code="w">2023-08-11</subfield>
    <subfield code="y">BK</subfield>
  </datafield>
  <datafield tag="952" ind1=" " ind2=" ">
    <subfield code="0">0</subfield>
    <subfield code="1">0</subfield>
    <subfield code="2">ddc</subfield>
    <subfield code="4">0</subfield>
    <subfield code="7">0</subfield>
    <subfield code="8">GEN</subfield>
    <subfield code="a">MECUBARR</subfield>
    <subfield code="b">MECUBARR</subfield>
    <subfield code="c">GEN</subfield>
    <subfield code="d">2023-08-11</subfield>
    <subfield code="l">0</subfield>
    <subfield code="o">808.4 I55I2</subfield>
    <subfield code="p">CUB02858</subfield>
    <subfield code="r">2023-08-11 17:19:19</subfield>
    <subfield code="t">Ej.1</subfield>
    <subfield code="w">2023-08-11</subfield>
    <subfield code="y">BK</subfield>
  </datafield>
  <datafield tag="952" ind1=" " ind2=" ">
    <subfield code="0">0</subfield>
    <subfield code="1">0</subfield>
    <subfield code="2">ddc</subfield>
    <subfield code="4">0</subfield>
    <subfield code="7">0</subfield>
    <subfield code="8">GEN</subfield>
    <subfield code="a">MECUBARR</subfield>
    <subfield code="b">MECUBARR</subfield>
    <subfield code="c">GEN</subfield>
    <subfield code="d">2023-08-11</subfield>
    <subfield code="l">0</subfield>
    <subfield code="o">808.4 I55I2	</subfield>
    <subfield code="p">CUB02859</subfield>
    <subfield code="r">2023-08-11 17:22:42</subfield>
    <subfield code="t">Ej.1</subfield>
    <subfield code="w">2023-08-11</subfield>
    <subfield code="y">BK</subfield>
  </datafield>
  <datafield tag="952" ind1=" " ind2=" ">
    <subfield code="0">0</subfield>
    <subfield code="1">0</subfield>
    <subfield code="2">ddc</subfield>
    <subfield code="4">0</subfield>
    <subfield code="7">0</subfield>
    <subfield code="8">GEN</subfield>
    <subfield code="a">MEMACARE</subfield>
    <subfield code="b">MEMACARE</subfield>
    <subfield code="c">LIT</subfield>
    <subfield code="d">2023-09-12</subfield>
    <subfield code="l">0</subfield>
    <subfield code="o">808.4 I55l2</subfield>
    <subfield code="p">LM00436</subfield>
    <subfield code="r">2023-09-12 15:25:54</subfield>
    <subfield code="t">Ej.5</subfield>
    <subfield code="w">2023-09-12</subfield>
    <subfield code="y">BK</subfield>
  </datafield>
  <datafield tag="952" ind1=" " ind2=" ">
    <subfield code="0">0</subfield>
    <subfield code="1">0</subfield>
    <subfield code="2">ddc</subfield>
    <subfield code="4">0</subfield>
    <subfield code="7">0</subfield>
    <subfield code="8">GEN</subfield>
    <subfield code="a">MESMARTI</subfield>
    <subfield code="b">MESMARTI</subfield>
    <subfield code="c">GEN</subfield>
    <subfield code="d">2023-09-12</subfield>
    <subfield code="l">0</subfield>
    <subfield code="o">808.4 I5512</subfield>
    <subfield code="p">SM002588</subfield>
    <subfield code="r">2023-09-12 21:40:49</subfield>
    <subfield code="t">Ej.1</subfield>
    <subfield code="w">2023-09-12</subfield>
    <subfield code="y">BK</subfield>
  </datafield>
  <datafield tag="952" ind1=" " ind2=" ">
    <subfield code="0">0</subfield>
    <subfield code="1">0</subfield>
    <subfield code="2">ddc</subfield>
    <subfield code="4">0</subfield>
    <subfield code="7">0</subfield>
    <subfield code="8">GEN</subfield>
    <subfield code="a">MESMARTI</subfield>
    <subfield code="b">MESMARTI</subfield>
    <subfield code="c">GEN</subfield>
    <subfield code="d">2023-09-12</subfield>
    <subfield code="l">0</subfield>
    <subfield code="o">808.4I55I2</subfield>
    <subfield code="p">SM002589</subfield>
    <subfield code="r">2023-09-12 21:42:30</subfield>
    <subfield code="t">Ej.1</subfield>
    <subfield code="w">2023-09-12</subfield>
    <subfield code="y">BK</subfield>
  </datafield>
  <datafield tag="952" ind1=" " ind2=" ">
    <subfield code="0">0</subfield>
    <subfield code="1">0</subfield>
    <subfield code="2">ddc</subfield>
    <subfield code="4">0</subfield>
    <subfield code="7">0</subfield>
    <subfield code="8">GEN</subfield>
    <subfield code="a">MESMARTI</subfield>
    <subfield code="b">MESMARTI</subfield>
    <subfield code="c">GEN</subfield>
    <subfield code="d">2023-09-12</subfield>
    <subfield code="l">0</subfield>
    <subfield code="o">	808.4 I55I2</subfield>
    <subfield code="p">SM002592</subfield>
    <subfield code="r">2023-09-12 21:46:15</subfield>
    <subfield code="t">Ej.1</subfield>
    <subfield code="w">2023-09-12</subfield>
    <subfield code="y">BK</subfield>
  </datafield>
  <datafield tag="952" ind1=" " ind2=" ">
    <subfield code="0">0</subfield>
    <subfield code="1">0</subfield>
    <subfield code="2">ddc</subfield>
    <subfield code="4">0</subfield>
    <subfield code="7">0</subfield>
    <subfield code="8">GEN</subfield>
    <subfield code="a">MESMARTI</subfield>
    <subfield code="b">MESMARTI</subfield>
    <subfield code="c">GEN</subfield>
    <subfield code="d">2023-09-13</subfield>
    <subfield code="l">0</subfield>
    <subfield code="o">808.4 I55I2</subfield>
    <subfield code="p">SM002593</subfield>
    <subfield code="r">2023-09-13 19:28:11</subfield>
    <subfield code="t">Ej.1</subfield>
    <subfield code="w">2023-09-13</subfield>
    <subfield code="y">BK</subfield>
  </datafield>
  <datafield tag="952" ind1=" " ind2=" ">
    <subfield code="0">0</subfield>
    <subfield code="1">0</subfield>
    <subfield code="2">ddc</subfield>
    <subfield code="4">0</subfield>
    <subfield code="7">0</subfield>
    <subfield code="8">003</subfield>
    <subfield code="a">MEVIECAR</subfield>
    <subfield code="b">MEVIECAR</subfield>
    <subfield code="d">2016-07-13</subfield>
    <subfield code="h">V. 1</subfield>
    <subfield code="l">0</subfield>
    <subfield code="o">808.4 I55i2</subfield>
    <subfield code="p">30180</subfield>
    <subfield code="r">2016-07-13 00:00:00</subfield>
    <subfield code="t">Ej. 1</subfield>
    <subfield code="w">2016-07-13</subfield>
    <subfield code="y">BK</subfield>
  </datafield>
  <datafield tag="952" ind1=" " ind2=" ">
    <subfield code="0">0</subfield>
    <subfield code="1">0</subfield>
    <subfield code="2">ddc</subfield>
    <subfield code="4">0</subfield>
    <subfield code="7">0</subfield>
    <subfield code="8">003</subfield>
    <subfield code="a">MEVIECAR</subfield>
    <subfield code="b">MEVIECAR</subfield>
    <subfield code="d">2016-07-13</subfield>
    <subfield code="h">V. 3</subfield>
    <subfield code="l">0</subfield>
    <subfield code="o">808.4 I55i2</subfield>
    <subfield code="p">30181</subfield>
    <subfield code="r">2016-07-13 00:00:00</subfield>
    <subfield code="t">Ej. 1</subfield>
    <subfield code="w">2016-07-13</subfield>
    <subfield code="y">BK</subfield>
  </datafield>
  <datafield tag="952" ind1=" " ind2=" ">
    <subfield code="0">0</subfield>
    <subfield code="1">0</subfield>
    <subfield code="2">ddc</subfield>
    <subfield code="4">0</subfield>
    <subfield code="7">0</subfield>
    <subfield code="8">003</subfield>
    <subfield code="a">MEVIECAR</subfield>
    <subfield code="b">MEVIECAR</subfield>
    <subfield code="d">2016-07-13</subfield>
    <subfield code="h">V. 5</subfield>
    <subfield code="l">0</subfield>
    <subfield code="o">808.4 I55i2</subfield>
    <subfield code="p">30182</subfield>
    <subfield code="r">2016-07-13 00:00:00</subfield>
    <subfield code="t">Ej. 1</subfield>
    <subfield code="w">2016-07-13</subfield>
    <subfield code="y">BK</subfield>
  </datafield>
  <datafield tag="952" ind1=" " ind2=" ">
    <subfield code="0">0</subfield>
    <subfield code="1">0</subfield>
    <subfield code="2">ddc</subfield>
    <subfield code="4">0</subfield>
    <subfield code="7">0</subfield>
    <subfield code="8">003</subfield>
    <subfield code="a">MEVIECAR</subfield>
    <subfield code="b">MEVIECAR</subfield>
    <subfield code="d">2016-07-13</subfield>
    <subfield code="h">V. 2</subfield>
    <subfield code="l">0</subfield>
    <subfield code="o">808.4 I55i2</subfield>
    <subfield code="p">30183</subfield>
    <subfield code="r">2016-07-13 00:00:00</subfield>
    <subfield code="t">Ej. 1</subfield>
    <subfield code="w">2016-07-13</subfield>
    <subfield code="y">BK</subfield>
  </datafield>
  <datafield tag="952" ind1=" " ind2=" ">
    <subfield code="0">0</subfield>
    <subfield code="1">0</subfield>
    <subfield code="2">ddc</subfield>
    <subfield code="4">0</subfield>
    <subfield code="7">0</subfield>
    <subfield code="8">003</subfield>
    <subfield code="a">MEVIECAR</subfield>
    <subfield code="b">MEVIECAR</subfield>
    <subfield code="d">2016-07-13</subfield>
    <subfield code="h">V. 4</subfield>
    <subfield code="l">0</subfield>
    <subfield code="o">808.4 I55i2</subfield>
    <subfield code="p">30184</subfield>
    <subfield code="r">2016-07-13 00:00:00</subfield>
    <subfield code="t">Ej. 1</subfield>
    <subfield code="w">2016-07-13</subfield>
    <subfield code="y">BK</subfield>
  </datafield>
  <datafield tag="952" ind1=" " ind2=" ">
    <subfield code="0">0</subfield>
    <subfield code="1">0</subfield>
    <subfield code="2">ddc</subfield>
    <subfield code="4">0</subfield>
    <subfield code="7">0</subfield>
    <subfield code="8">GEN</subfield>
    <subfield code="a">MECASTIL</subfield>
    <subfield code="b">MECASTIL</subfield>
    <subfield code="c">GEN</subfield>
    <subfield code="d">2023-09-19</subfield>
    <subfield code="l">0</subfield>
    <subfield code="o">808.4 I55l2</subfield>
    <subfield code="p">EC01524</subfield>
    <subfield code="r">2023-09-19 22:33:12</subfield>
    <subfield code="t">Ej.2</subfield>
    <subfield code="w">2023-09-19</subfield>
    <subfield code="y">BK</subfield>
  </datafield>
  <datafield tag="952" ind1=" " ind2=" ">
    <subfield code="0">0</subfield>
    <subfield code="1">0</subfield>
    <subfield code="2">ddc</subfield>
    <subfield code="4">0</subfield>
    <subfield code="7">0</subfield>
    <subfield code="8">GEN</subfield>
    <subfield code="a">MECASTIL</subfield>
    <subfield code="b">MECASTIL</subfield>
    <subfield code="c">GEN</subfield>
    <subfield code="d">2023-09-19</subfield>
    <subfield code="l">0</subfield>
    <subfield code="o">808.4 I55l2</subfield>
    <subfield code="p">EC01525</subfield>
    <subfield code="r">2023-09-19 22:34:40</subfield>
    <subfield code="t">Ej.3</subfield>
    <subfield code="w">2023-09-19</subfield>
    <subfield code="y">BK</subfield>
  </datafield>
  <datafield tag="952" ind1=" " ind2=" ">
    <subfield code="0">0</subfield>
    <subfield code="1">0</subfield>
    <subfield code="2">ddc</subfield>
    <subfield code="4">0</subfield>
    <subfield code="7">0</subfield>
    <subfield code="8">GEN</subfield>
    <subfield code="a">MECASTIL</subfield>
    <subfield code="b">MECASTIL</subfield>
    <subfield code="c">GEN</subfield>
    <subfield code="d">2023-09-19</subfield>
    <subfield code="l">0</subfield>
    <subfield code="o">808.4 I55l2</subfield>
    <subfield code="p">EC01526</subfield>
    <subfield code="r">2023-09-19 22:36:52</subfield>
    <subfield code="t">Ej.4</subfield>
    <subfield code="w">2023-09-19</subfield>
    <subfield code="y">BK</subfield>
  </datafield>
  <datafield tag="952" ind1=" " ind2=" ">
    <subfield code="0">0</subfield>
    <subfield code="1">0</subfield>
    <subfield code="2">ddc</subfield>
    <subfield code="4">0</subfield>
    <subfield code="7">0</subfield>
    <subfield code="8">GEN</subfield>
    <subfield code="a">MECASTIL</subfield>
    <subfield code="b">MECASTIL</subfield>
    <subfield code="c">GEN</subfield>
    <subfield code="d">2023-09-19</subfield>
    <subfield code="l">0</subfield>
    <subfield code="o">808.4 I55l2</subfield>
    <subfield code="p">EC01527</subfield>
    <subfield code="r">2023-09-19 22:37:43</subfield>
    <subfield code="t">Ej.5</subfield>
    <subfield code="w">2023-09-19</subfield>
    <subfield code="y">BK</subfield>
  </datafield>
  <datafield tag="952" ind1=" " ind2=" ">
    <subfield code="0">0</subfield>
    <subfield code="1">0</subfield>
    <subfield code="2">ddc</subfield>
    <subfield code="4">0</subfield>
    <subfield code="7">0</subfield>
    <subfield code="8">GEN</subfield>
    <subfield code="a">MEMAPIRI</subfield>
    <subfield code="b">MEMAPIRI</subfield>
    <subfield code="c">GEN</subfield>
    <subfield code="d">2024-01-17</subfield>
    <subfield code="l">0</subfield>
    <subfield code="o">808.4 I55I2</subfield>
    <subfield code="p">MAP00002695</subfield>
    <subfield code="r">2024-01-17 22:35:23</subfield>
    <subfield code="t">Ej.1</subfield>
    <subfield code="w">2024-01-17</subfield>
    <subfield code="y">BK</subfield>
  </datafield>
  <datafield tag="952" ind1=" " ind2=" ">
    <subfield code="0">0</subfield>
    <subfield code="1">0</subfield>
    <subfield code="2">ddc</subfield>
    <subfield code="4">0</subfield>
    <subfield code="7">0</subfield>
    <subfield code="8">GEN</subfield>
    <subfield code="a">MEMAPIRI</subfield>
    <subfield code="b">MEMAPIRI</subfield>
    <subfield code="c">GEN</subfield>
    <subfield code="d">2024-01-17</subfield>
    <subfield code="l">0</subfield>
    <subfield code="o">808.4 I55I1</subfield>
    <subfield code="p">MAP00002696</subfield>
    <subfield code="r">2024-01-17 22:37:41</subfield>
    <subfield code="t">Ej.1</subfield>
    <subfield code="w">2024-01-17</subfield>
    <subfield code="y">BK</subfield>
  </datafield>
  <datafield tag="952" ind1=" " ind2=" ">
    <subfield code="0">0</subfield>
    <subfield code="1">0</subfield>
    <subfield code="2">ddc</subfield>
    <subfield code="4">0</subfield>
    <subfield code="7">0</subfield>
    <subfield code="8">GEN</subfield>
    <subfield code="a">MEMAPIRI</subfield>
    <subfield code="b">MEMAPIRI</subfield>
    <subfield code="c">GEN</subfield>
    <subfield code="d">2024-01-17</subfield>
    <subfield code="l">0</subfield>
    <subfield code="o">808.4 I55I2</subfield>
    <subfield code="p">MAP00002697</subfield>
    <subfield code="r">2024-01-17 22:39:07</subfield>
    <subfield code="t">Ej.1</subfield>
    <subfield code="w">2024-01-17</subfield>
    <subfield code="y">BK</subfield>
  </datafield>
  <datafield tag="952" ind1=" " ind2=" ">
    <subfield code="0">0</subfield>
    <subfield code="1">0</subfield>
    <subfield code="2">ddc</subfield>
    <subfield code="4">0</subfield>
    <subfield code="7">0</subfield>
    <subfield code="8">GEN</subfield>
    <subfield code="a">MEMAPIRI</subfield>
    <subfield code="b">MEMAPIRI</subfield>
    <subfield code="c">GEN</subfield>
    <subfield code="d">2024-01-17</subfield>
    <subfield code="l">0</subfield>
    <subfield code="o">808.4 I55I2</subfield>
    <subfield code="p">MAP00002698</subfield>
    <subfield code="r">2024-01-17 22:40:37</subfield>
    <subfield code="t">Ej.1</subfield>
    <subfield code="w">2024-01-17</subfield>
    <subfield code="y">BK</subfield>
  </datafield>
  <datafield tag="952" ind1=" " ind2=" ">
    <subfield code="0">0</subfield>
    <subfield code="1">0</subfield>
    <subfield code="2">ddc</subfield>
    <subfield code="4">0</subfield>
    <subfield code="7">0</subfield>
    <subfield code="a">MEVHERMO</subfield>
    <subfield code="b">MEVHERMO</subfield>
    <subfield code="d">2024-05-20</subfield>
    <subfield code="k">808.415512EJ1</subfield>
    <subfield code="l">0</subfield>
    <subfield code="o">808.4</subfield>
    <subfield code="p">VIST 0001061</subfield>
    <subfield code="r">2024-05-20 17:17:08</subfield>
    <subfield code="t">Ej.1</subfield>
    <subfield code="w">2024-05-20</subfield>
    <subfield code="y">BK</subfield>
  </datafield>
  <datafield tag="952" ind1=" " ind2=" ">
    <subfield code="0">0</subfield>
    <subfield code="1">0</subfield>
    <subfield code="2">ddc</subfield>
    <subfield code="4">0</subfield>
    <subfield code="7">0</subfield>
    <subfield code="a">MEVHERMO</subfield>
    <subfield code="b">MEVHERMO</subfield>
    <subfield code="d">2024-05-20</subfield>
    <subfield code="k">808.4 15512 EJ.1</subfield>
    <subfield code="l">0</subfield>
    <subfield code="o">808.4</subfield>
    <subfield code="p">VIST 0001067</subfield>
    <subfield code="r">2024-05-20 18:58:12</subfield>
    <subfield code="t">Ej.1</subfield>
    <subfield code="w">2024-05-20</subfield>
    <subfield code="y">BK</subfield>
  </datafield>
  <datafield tag="952" ind1=" " ind2=" ">
    <subfield code="0">0</subfield>
    <subfield code="1">0</subfield>
    <subfield code="2">ddc</subfield>
    <subfield code="4">0</subfield>
    <subfield code="7">0</subfield>
    <subfield code="a">MEVHERMO</subfield>
    <subfield code="b">MEVHERMO</subfield>
    <subfield code="d">2024-05-20</subfield>
    <subfield code="k">808.4 15512 EJ.1</subfield>
    <subfield code="l">0</subfield>
    <subfield code="o">808.4</subfield>
    <subfield code="p">VIST 0001068</subfield>
    <subfield code="r">2024-05-20 19:06:09</subfield>
    <subfield code="t">Ej.1</subfield>
    <subfield code="w">2024-05-20</subfield>
    <subfield code="y">BK</subfield>
  </datafield>
  <datafield tag="952" ind1=" " ind2=" ">
    <subfield code="0">0</subfield>
    <subfield code="1">0</subfield>
    <subfield code="2">ddc</subfield>
    <subfield code="4">0</subfield>
    <subfield code="7">0</subfield>
    <subfield code="8">GEN</subfield>
    <subfield code="a">MECUMARA</subfield>
    <subfield code="b">MECUMARA</subfield>
    <subfield code="c">LIT</subfield>
    <subfield code="d">2024-06-20</subfield>
    <subfield code="l">0</subfield>
    <subfield code="o">808.415512</subfield>
    <subfield code="p">CUM0739</subfield>
    <subfield code="r">2024-06-20 09:18:47</subfield>
    <subfield code="t">Ej.1</subfield>
    <subfield code="w">2024-06-20</subfield>
    <subfield code="y">BK</subfield>
  </datafield>
  <datafield tag="952" ind1=" " ind2=" ">
    <subfield code="0">0</subfield>
    <subfield code="1">0</subfield>
    <subfield code="2">ddc</subfield>
    <subfield code="4">0</subfield>
    <subfield code="7">0</subfield>
    <subfield code="8">GEN</subfield>
    <subfield code="a">MECUMARA</subfield>
    <subfield code="b">MECUMARA</subfield>
    <subfield code="c">LIT</subfield>
    <subfield code="d">2024-06-20</subfield>
    <subfield code="l">0</subfield>
    <subfield code="o">808.415512</subfield>
    <subfield code="p">CUM 0739</subfield>
    <subfield code="r">2024-06-20 09:19:19</subfield>
    <subfield code="t">Ej.1</subfield>
    <subfield code="w">2024-06-20</subfield>
    <subfield code="y">BK</subfield>
  </datafield>
  <datafield tag="952" ind1=" " ind2=" ">
    <subfield code="0">0</subfield>
    <subfield code="1">0</subfield>
    <subfield code="2">ddc</subfield>
    <subfield code="4">0</subfield>
    <subfield code="7">0</subfield>
    <subfield code="8">GEN</subfield>
    <subfield code="a">MECUMARA</subfield>
    <subfield code="b">MECUMARA</subfield>
    <subfield code="c">GEN</subfield>
    <subfield code="d">2024-06-20</subfield>
    <subfield code="l">0</subfield>
    <subfield code="o">808.4l55l1</subfield>
    <subfield code="p">CUM0716</subfield>
    <subfield code="r">2024-06-20 09:26:37</subfield>
    <subfield code="t">Ej.1</subfield>
    <subfield code="w">2024-06-20</subfield>
    <subfield code="y">BK</subfield>
  </datafield>
  <datafield tag="952" ind1=" " ind2=" ">
    <subfield code="0">0</subfield>
    <subfield code="1">0</subfield>
    <subfield code="2">ddc</subfield>
    <subfield code="4">0</subfield>
    <subfield code="7">0</subfield>
    <subfield code="8">GEN</subfield>
    <subfield code="a">MECUMARA</subfield>
    <subfield code="b">MECUMARA</subfield>
    <subfield code="c">LIT</subfield>
    <subfield code="d">2024-06-20</subfield>
    <subfield code="l">0</subfield>
    <subfield code="o">808.415512</subfield>
    <subfield code="p">CUM 0743</subfield>
    <subfield code="r">2024-06-20 09:27:59</subfield>
    <subfield code="t">Ej.1</subfield>
    <subfield code="w">2024-06-20</subfield>
    <subfield code="y">BK</subfield>
  </datafield>
  <datafield tag="952" ind1=" " ind2=" ">
    <subfield code="0">0</subfield>
    <subfield code="1">0</subfield>
    <subfield code="2">ddc</subfield>
    <subfield code="4">0</subfield>
    <subfield code="7">0</subfield>
    <subfield code="8">GEN</subfield>
    <subfield code="a">MEURIBE</subfield>
    <subfield code="b">MEURIBE</subfield>
    <subfield code="c">GEN</subfield>
    <subfield code="d">2024-08-15</subfield>
    <subfield code="l">0</subfield>
    <subfield code="o">808.4 l55l2</subfield>
    <subfield code="p">URI01063</subfield>
    <subfield code="r">2024-08-15 17:38:32</subfield>
    <subfield code="t">Ej.1</subfield>
    <subfield code="w">2024-08-15</subfield>
    <subfield code="y">BK</subfield>
  </datafield>
  <datafield tag="952" ind1=" " ind2=" ">
    <subfield code="0">0</subfield>
    <subfield code="1">0</subfield>
    <subfield code="2">ddc</subfield>
    <subfield code="4">0</subfield>
    <subfield code="7">0</subfield>
    <subfield code="8">GEN</subfield>
    <subfield code="a">MEURIBE</subfield>
    <subfield code="b">MEURIBE</subfield>
    <subfield code="c">GEN</subfield>
    <subfield code="d">2024-08-15</subfield>
    <subfield code="l">0</subfield>
    <subfield code="o">808.4 l55l1</subfield>
    <subfield code="p">URI01065</subfield>
    <subfield code="r">2024-08-15 17:43:24</subfield>
    <subfield code="t">Ej.1</subfield>
    <subfield code="w">2024-08-15</subfield>
    <subfield code="y">BK</subfield>
  </datafield>
  <datafield tag="952" ind1=" " ind2=" ">
    <subfield code="0">0</subfield>
    <subfield code="1">0</subfield>
    <subfield code="2">ddc</subfield>
    <subfield code="4">0</subfield>
    <subfield code="7">0</subfield>
    <subfield code="8">GEN</subfield>
    <subfield code="a">MEURIBE</subfield>
    <subfield code="b">MEURIBE</subfield>
    <subfield code="c">GEN</subfield>
    <subfield code="d">2024-08-15</subfield>
    <subfield code="l">0</subfield>
    <subfield code="o">808.4 l55l2	</subfield>
    <subfield code="p">URI01067</subfield>
    <subfield code="r">2024-08-15 17:50:35</subfield>
    <subfield code="t">Ej.1</subfield>
    <subfield code="w">2024-08-15</subfield>
    <subfield code="y">BK</subfield>
  </datafield>
  <datafield tag="952" ind1=" " ind2=" ">
    <subfield code="0">0</subfield>
    <subfield code="1">0</subfield>
    <subfield code="2">ddc</subfield>
    <subfield code="4">0</subfield>
    <subfield code="7">0</subfield>
    <subfield code="8">GEN</subfield>
    <subfield code="a">MEURIBE</subfield>
    <subfield code="b">MEURIBE</subfield>
    <subfield code="c">GEN</subfield>
    <subfield code="d">2024-08-15</subfield>
    <subfield code="l">0</subfield>
    <subfield code="o">808.4 l55l2</subfield>
    <subfield code="p">URI01070</subfield>
    <subfield code="r">2024-08-15 17:58:39</subfield>
    <subfield code="t">Ej.1</subfield>
    <subfield code="w">2024-08-15</subfield>
    <subfield code="y">BK</subfield>
  </datafield>
  <datafield tag="952" ind1=" " ind2=" ">
    <subfield code="0">0</subfield>
    <subfield code="1">0</subfield>
    <subfield code="2">ddc</subfield>
    <subfield code="4">0</subfield>
    <subfield code="7">0</subfield>
    <subfield code="8">GEN</subfield>
    <subfield code="a">MEURIBE</subfield>
    <subfield code="b">MEURIBE</subfield>
    <subfield code="c">GEN</subfield>
    <subfield code="d">2024-08-15</subfield>
    <subfield code="l">0</subfield>
    <subfield code="o">808.4 I55l2</subfield>
    <subfield code="p">URI01072</subfield>
    <subfield code="r">2024-08-15 18:02:22</subfield>
    <subfield code="t">Ej.1</subfield>
    <subfield code="w">2024-08-15</subfield>
    <subfield code="y">BK</subfield>
  </datafield>
  <datafield tag="952" ind1=" " ind2=" ">
    <subfield code="0">0</subfield>
    <subfield code="1">0</subfield>
    <subfield code="4">0</subfield>
    <subfield code="7">0</subfield>
    <subfield code="8">001</subfield>
    <subfield code="a">MEVIGERR</subfield>
    <subfield code="b">MEVIGERR</subfield>
    <subfield code="c">GEN</subfield>
    <subfield code="d">2016-02-18</subfield>
    <subfield code="h">Vol.1</subfield>
    <subfield code="o">808.4 I55i2</subfield>
    <subfield code="p">ECA24718</subfield>
    <subfield code="r">2024-11-26 09:17:40</subfield>
    <subfield code="t">Ej.1</subfield>
    <subfield code="w">2024-11-26</subfield>
    <subfield code="y">BK</subfield>
    <subfield code="z">18478 | 23632</subfield>
  </datafield>
  <datafield tag="952" ind1=" " ind2=" ">
    <subfield code="0">0</subfield>
    <subfield code="1">0</subfield>
    <subfield code="4">0</subfield>
    <subfield code="7">0</subfield>
    <subfield code="8">001</subfield>
    <subfield code="a">MEVIGERR</subfield>
    <subfield code="b">MEVIGERR</subfield>
    <subfield code="c">GEN</subfield>
    <subfield code="d">2016-02-18</subfield>
    <subfield code="h">Vol.4</subfield>
    <subfield code="o">808.4 I55i2</subfield>
    <subfield code="p">ECA24706</subfield>
    <subfield code="r">2024-11-26 09:17:40</subfield>
    <subfield code="t">Ej.1</subfield>
    <subfield code="w">2024-11-26</subfield>
    <subfield code="y">BK</subfield>
    <subfield code="z">18478 | 23628</subfield>
  </datafield>
  <datafield tag="952" ind1=" " ind2=" ">
    <subfield code="0">0</subfield>
    <subfield code="1">0</subfield>
    <subfield code="4">0</subfield>
    <subfield code="7">0</subfield>
    <subfield code="8">001</subfield>
    <subfield code="a">MEVIGERR</subfield>
    <subfield code="b">MEVIGERR</subfield>
    <subfield code="c">GEN</subfield>
    <subfield code="d">2016-02-18</subfield>
    <subfield code="h">Vol.2</subfield>
    <subfield code="o">808.4 I55i2</subfield>
    <subfield code="p">ECA24707</subfield>
    <subfield code="r">2024-11-26 09:17:40</subfield>
    <subfield code="t">Ej.1</subfield>
    <subfield code="w">2024-11-26</subfield>
    <subfield code="y">BK</subfield>
    <subfield code="z">18478 | 23629</subfield>
  </datafield>
  <datafield tag="952" ind1=" " ind2=" ">
    <subfield code="0">0</subfield>
    <subfield code="1">0</subfield>
    <subfield code="4">0</subfield>
    <subfield code="7">0</subfield>
    <subfield code="8">001</subfield>
    <subfield code="a">MEVIGERR</subfield>
    <subfield code="b">MEVIGERR</subfield>
    <subfield code="c">GEN</subfield>
    <subfield code="d">2016-02-18</subfield>
    <subfield code="h">Vol.3</subfield>
    <subfield code="o">808.4 I55i2</subfield>
    <subfield code="p">ECA24708</subfield>
    <subfield code="r">2024-11-26 09:17:40</subfield>
    <subfield code="t">Ej.1</subfield>
    <subfield code="w">2024-11-26</subfield>
    <subfield code="y">BK</subfield>
    <subfield code="z">18478 | 23630</subfield>
  </datafield>
  <datafield tag="952" ind1=" " ind2=" ">
    <subfield code="0">0</subfield>
    <subfield code="1">0</subfield>
    <subfield code="4">0</subfield>
    <subfield code="7">0</subfield>
    <subfield code="8">001</subfield>
    <subfield code="a">MEVIGERR</subfield>
    <subfield code="b">MEVIGERR</subfield>
    <subfield code="c">GEN</subfield>
    <subfield code="d">2016-02-18</subfield>
    <subfield code="h">Vol.5</subfield>
    <subfield code="o">808.4 I55i2</subfield>
    <subfield code="p">ECA24709</subfield>
    <subfield code="r">2024-11-26 09:17:40</subfield>
    <subfield code="t">Ej.1</subfield>
    <subfield code="w">2024-11-26</subfield>
    <subfield code="y">BK</subfield>
    <subfield code="z">18478 | 23631</subfield>
  </datafield>
  <datafield tag="952" ind1=" " ind2=" ">
    <subfield code="0">0</subfield>
    <subfield code="1">0</subfield>
    <subfield code="2">ddc</subfield>
    <subfield code="4">0</subfield>
    <subfield code="7">0</subfield>
    <subfield code="8">GEN</subfield>
    <subfield code="a">MESGUARO</subfield>
    <subfield code="b">MESGUARO</subfield>
    <subfield code="c">GEN</subfield>
    <subfield code="d">2025-06-26</subfield>
    <subfield code="l">0</subfield>
    <subfield code="o">808.4  I55i2</subfield>
    <subfield code="p">SG003387</subfield>
    <subfield code="r">2025-06-26 11:45:40</subfield>
    <subfield code="t">Ej.1</subfield>
    <subfield code="w">2025-06-26</subfield>
    <subfield code="y">BK</subfield>
  </datafield>
  <datafield tag="952" ind1=" " ind2=" ">
    <subfield code="0">0</subfield>
    <subfield code="1">0</subfield>
    <subfield code="2">ddc</subfield>
    <subfield code="4">0</subfield>
    <subfield code="7">0</subfield>
    <subfield code="8">GEN</subfield>
    <subfield code="a">MESGUARO</subfield>
    <subfield code="b">MESGUARO</subfield>
    <subfield code="c">GEN</subfield>
    <subfield code="d">2025-06-28</subfield>
    <subfield code="l">0</subfield>
    <subfield code="o">808.4  I55i2</subfield>
    <subfield code="p">SG03388</subfield>
    <subfield code="r">2025-06-28 09:39:48</subfield>
    <subfield code="t">Ej.1</subfield>
    <subfield code="w">2025-06-28</subfield>
    <subfield code="y">BK</subfield>
  </datafield>
  <datafield tag="952" ind1=" " ind2=" ">
    <subfield code="0">0</subfield>
    <subfield code="1">0</subfield>
    <subfield code="2">ddc</subfield>
    <subfield code="4">0</subfield>
    <subfield code="7">0</subfield>
    <subfield code="8">GEN</subfield>
    <subfield code="a">MESGUARO</subfield>
    <subfield code="b">MESGUARO</subfield>
    <subfield code="c">GEN</subfield>
    <subfield code="d">2025-06-28</subfield>
    <subfield code="l">0</subfield>
    <subfield code="o">808.4  I55i2</subfield>
    <subfield code="p">SG03389</subfield>
    <subfield code="r">2025-06-28 10:05:38</subfield>
    <subfield code="t">Ej.1</subfield>
    <subfield code="w">2025-06-28</subfield>
    <subfield code="y">BK</subfield>
  </datafield>
  <datafield tag="952" ind1=" " ind2=" ">
    <subfield code="0">0</subfield>
    <subfield code="1">0</subfield>
    <subfield code="2">ddc</subfield>
    <subfield code="4">0</subfield>
    <subfield code="7">0</subfield>
    <subfield code="8">GEN</subfield>
    <subfield code="a">MESGUARO</subfield>
    <subfield code="b">MESGUARO</subfield>
    <subfield code="c">GEN</subfield>
    <subfield code="d">2025-06-28</subfield>
    <subfield code="l">0</subfield>
    <subfield code="o">808.4  I55i2</subfield>
    <subfield code="p">SG03390</subfield>
    <subfield code="r">2025-06-28 11:31:08</subfield>
    <subfield code="t">Ej.1</subfield>
    <subfield code="w">2025-06-28</subfield>
    <subfield code="y">BK</subfield>
  </datafield>
  <datafield tag="952" ind1=" " ind2=" ">
    <subfield code="0">0</subfield>
    <subfield code="1">0</subfield>
    <subfield code="2">ddc</subfield>
    <subfield code="4">0</subfield>
    <subfield code="7">0</subfield>
    <subfield code="8">GEN</subfield>
    <subfield code="a">MESGUARO</subfield>
    <subfield code="b">MESGUARO</subfield>
    <subfield code="c">GEN</subfield>
    <subfield code="d">2025-06-28</subfield>
    <subfield code="l">0</subfield>
    <subfield code="o">808.4  I55i2</subfield>
    <subfield code="p">SG03391</subfield>
    <subfield code="r">2025-06-28 11:42:35</subfield>
    <subfield code="t">Ej.1</subfield>
    <subfield code="w">2025-06-28</subfield>
    <subfield code="y">BK</subfield>
  </datafield>
  <datafield tag="952" ind1=" " ind2=" ">
    <subfield code="0">0</subfield>
    <subfield code="1">0</subfield>
    <subfield code="2">lcc</subfield>
    <subfield code="4">0</subfield>
    <subfield code="7">0</subfield>
    <subfield code="8">GEN</subfield>
    <subfield code="a">MEPCONCO</subfield>
    <subfield code="b">MEPCONCO</subfield>
    <subfield code="c">GEN</subfield>
    <subfield code="d">2026-03-02</subfield>
    <subfield code="l">0</subfield>
    <subfield code="o">808.4  I55i2</subfield>
    <subfield code="p">PCON02389</subfield>
    <subfield code="r">2026-03-02 16:07:51</subfield>
    <subfield code="t">Ej.1</subfield>
    <subfield code="w">2026-03-02</subfield>
    <subfield code="y">BK</subfield>
  </datafield>
  <datafield tag="952" ind1=" " ind2=" ">
    <subfield code="0">0</subfield>
    <subfield code="1">0</subfield>
    <subfield code="2">lcc</subfield>
    <subfield code="4">0</subfield>
    <subfield code="7">0</subfield>
    <subfield code="8">GEN</subfield>
    <subfield code="a">MEPCONCO</subfield>
    <subfield code="b">MEPCONCO</subfield>
    <subfield code="c">GEN</subfield>
    <subfield code="d">2026-03-02</subfield>
    <subfield code="l">0</subfield>
    <subfield code="o">808.4  I55i2</subfield>
    <subfield code="p">PCON02390</subfield>
    <subfield code="r">2026-03-02 16:08:32</subfield>
    <subfield code="t">Ej.1</subfield>
    <subfield code="w">2026-03-02</subfield>
    <subfield code="y">BK</subfield>
  </datafield>
  <datafield tag="952" ind1=" " ind2=" ">
    <subfield code="0">0</subfield>
    <subfield code="1">0</subfield>
    <subfield code="2">lcc</subfield>
    <subfield code="4">0</subfield>
    <subfield code="7">0</subfield>
    <subfield code="8">GEN</subfield>
    <subfield code="a">MEPCONCO</subfield>
    <subfield code="b">MEPCONCO</subfield>
    <subfield code="c">GEN</subfield>
    <subfield code="d">2026-03-02</subfield>
    <subfield code="l">0</subfield>
    <subfield code="o">808.4  I55I2</subfield>
    <subfield code="p">PCON02392</subfield>
    <subfield code="r">2026-03-02 16:09:29</subfield>
    <subfield code="t">Ej.1</subfield>
    <subfield code="w">2026-03-02</subfield>
    <subfield code="y">BK</subfield>
  </datafield>
</record>
